000 00440nam a2200181Ia 4500
001 610
005 20260306140530.0
008 260306t2015||||xx |||||||||||||| ||spa||
041 _aESP
082 _a128
_bP75O
100 _aPolo, Leonardo
_eAUT
245 0 _aLa esencia del hombre, obras completas de Leonardo Polo
260 _c2015
300 _a316 páginas :
_c24 cm.
650 _aGEN
654 _aCHU
942 _cLIB
_dJUS
_fJUS
_2ddc
_n
999 _c610
_d610